Preview 2006 (Record no. 76328)

MARC details
000 -LEADER
fixed length control field 01321cab a2200253 4500
001 - CONTROL NUMBER
control field ##L132114
008 - FIXED-LENGTH DATA ELEMENTS--GENERAL INFORMATION
fixed length control field 060111n2006 000 0 eng u
035 ## - SYSTEM CONTROL NUMBER
System control number (Sirsi) u132114
041 0# - LANGUAGE CODE
Language code of text/sound track or separate title eng
100 1# - MAIN ENTRY--PERSONAL NAME
Personal name McIntosh, Angus
245 00 - TITLE STATEMENT
Title Preview 2006
Remainder of title so much to play for
260 ## - PUBLICATION, DISTRIBUTION, ETC.
Date of publication, distribution, etc. 2006
490 #0 - SERIES STATEMENT
Series statement Estates Gazette
Volume/sequential designation (0601) 7 January 2006, 33-43(11)
520 ## - SUMMARY, ETC.
Summary, etc. Surveys, in six articles, property market developments expected in 2006. "On a roll" looks at the likely performance of commercial property sectors, residential and public sector markets. "Forecast" predicts that investors will continue investing heavily in commercial property assets in 2006. "Mystery" outlines likely government intervention in the property industry following the exposure of bad practices in new-build flat valuation. "Some you win, some you lose" concentrates on planning gain supplements and REITs. "Moves" covers the implementation of a wealth of legislative developments. Concludes with "Hot air" which considers the implications of energy performance labelling of buildings.
590 ## - LOCAL NOTE (RLIN)
Local note IKA170106
690 ## - LOCAL SUBJECT ADDED ENTRY--TOPICAL TERM (OCLC, RLIN)
Topical term or geographic name as entry element PROPERTY
700 1# - ADDED ENTRY--PERSONAL NAME
Personal name Chase, Martyn
700 1# - ADDED ENTRY--PERSONAL NAME
Personal name Osborne, Helen
700 1# - ADDED ENTRY--PERSONAL NAME
Personal name Jackman, Sarah
700 1# - ADDED ENTRY--PERSONAL NAME
Personal name Barnard, Lucy
700 1# - ADDED ENTRY--PERSONAL NAME
Personal name Tinworth, Adam
700 1# - ADDED ENTRY--PERSONAL NAME
Personal name Higgins, Claire
942 ## - ADDED ENTRY ELEMENTS (KOHA)
Suppress in OPAC 0
Holdings
Withdrawn status Lost status Source of classification or shelving scheme Damaged status Not for loan Home library Current library Shelving location Date acquired Total Checkouts Full call number Barcode Date last seen Copy number Price effective from Koha item type
    Dewey Decimal Classification     London London Journal article 11/01/2006   L132114 132114-1001 06/08/2019 1 06/08/2019 Journal article